000
00261nam a22001337a 4500
020
_a
9780669113654
041
_a
eng
080
_a
55
090
_b
TIL
100
_a
Tillery, Bill W.
245
_a
Earth Science.
650
_a
Country Studies
999
_c
281395
_d
281395
942
_c
BK